000
00230nam a22000977a 4500
008
240625b |||||||| |||| 00| 0 eng d
100
_a
Moulik K.
_9
15878
245
_a
Agni Yugr Ferari
260
_b
A.Mukherjee;
_c
1964.
942
_c
BK
999
_c
39648
_d
39648